| Registos Bibliográficos associados ao registo de autoridade |
|
Etiqueta de registo: 00000nam 2200025 450 001 2289419 003 http://id.bnportugal.gov.pt/bib/catbnp/2289419 100 ## $a20260702d2024 k y0pory01030103ba 101 0# $aeng$dpor 102 ## $aPT 105 ## $aa m 000yy 106 ## $ar 200 1# $aTowards trustworthy TrustZone-Assisted TEEs$fDavid Martins Cerdeira$gorient. Sandro Pinto, João Monteiro, Nuno Santos 210 #9 $a[S.l.$cs.n.],$d2024 215 ## $aXVII, 146 p.$cil.$d30 cm 328 #1 $aTese dout. Engenharia Eletrónica e de Computadores, Escola de Engenharia, Universidade
do Minho, 2024 700 #1 $aCerdeira,$bDavid Martins$32002398 702 #1 $aPinto,$bSandro Emanuel Salgado$4727$31709779 702 #1 $96$aMonteiro,$bJoão$4727$32002400 702 #1 $98$aSantos,$bNuno$4727$32002403 801 #0 $aPT$bBN$gRPC 966 ## $lBN$mFGMON$x1 971 ## $corlando$d20260702
|
|
|